000 00956cam a2200157Ii 4500
040 _cYDXCP
082 _a555 ROM 2016 A028 Or.
245 0 0 _aSave and grow in practice :
_bmaize, rice, wheat : a guide to sustainable cereal production /
300 _ax, 109 pages :
_bcolor illustrations, color maps ;
_c26 cm
520 _aThis publication looks at the application of Save and Grow farming systems, practices, and technologies to the world's main food security crops -- maize, rice and wheat. It shows how eco-friendly farming innovations can help farmers meet future demand for those cereals while building resilience to climate change, conserving natural resources, reducing negative impacts on the environment, and enhancing natural capital and the flow of ecosystem services
650 0 _aSustainable agriculture
650 0 _aFood security
650 0 _aGrain
710 2 _aFood and Agriculture Organization of the United Nations,
942 _cAEDBB
999 _c20903
_d20903